000 00300nam a2200121Ia 4500
005 20251222153559.0
008 251222s9999||||xx |||||||||||||| ||spa||
082 _a658.15/W48
100 _a"Weston, J. FredBrigham, Eugene"
245 0 _aFinanzas en administración
250 _a5a.ed.
942 _cLIB
999 _c31172
_d31172